| 000 | 00678nam a2200253 a 4500 | ||
|---|---|---|---|
| 003 | AR-BaBNM | ||
| 005 | 20251128202812.0 | ||
| 008 | 082120s2002 ||||||||||||||000 | spa|| | ||
| 040 | _cAR-BaBNM | ||
| 100 | 1 | _aFranco, Luis L. | |
| 245 | 0 | 0 | _aEl general Paz y los dos caudillajes |
| 260 |
_aBuenos Aires _bClaridad _c[19--] |
||
| 300 | _a190 p. | ||
| 490 | 0 | _aClaridad. Biografías | |
| 504 | _aContiene bibliografía consultada p. 187-188 | ||
| 650 | 4 | _aBIOGRAFIAS | |
| 650 | 4 | _aROSAS Y SU TIEMPO | |
| 650 | 4 | _aCAUDILLOS ARGENTINOS | |
| 650 | 4 | _aHISTORIA SOCIAL | |
| 650 | 4 | _aHISTORIA POLITICA | |
| 650 | 4 | _aHISTORIA DE LAS IDEAS | |
| 942 | _cBK | ||
| 998 | _cmariana | ||
| 999 |
_c645 _d645 |
||